000 00342 a2200157 4500
001 160645
020 _a
040 _cMagnum
100 _aIacocca, Liliana
240 1 0 _aChiquinho quinta-feira
_lpor
245 1 0 _aChiquinho quinta-feira
362 0 _a1899
440 1 _aMelhoramentos
697 _aIJ/SOCIEDADE COTIDIANO
942 _cBK
999 _c160645
_d160645